The noble scholar, jurist, historian


 His Excellency Dr. Abdul Wahhab bin Ibrahim Abu Sulaiman, may Allah have mercy on him.


 He was born in Umm Al-Qura in the year 1356 AH.

معالم الإيمان في معرفة أهل القيروان / (Record no. 11321)

MARC details
000 -LEADER
fixed length control field 01239caa a22002651ib4500
003 - CONTROL NUMBER IDENTIFIER
control field SA-RiAUC
005 - DATE AND TIME OF LATEST TRANSACTION
control field 20250901043414.0
008 - FIXED-LENGTH DATA ELEMENTS--GENERAL INFORMATION
fixed length control field 250901s19uu ti g 000 0 ara c
040 ## - CATALOGING SOURCE
Original cataloging agency TN_BIBPUB
Language of cataloging ara
Transcribing agency SA-RiAUC.
Description conventions rda
043 ## - GEOGRAPHIC AREA CODE
Geographic area code f-ti---
082 04 - DEWEY DECIMAL CLASSIFICATION NUMBER
Classification number 922.1
Assigning agency SA-RiAUC
090 ## - LOCALLY ASSIGNED LC-TYPE CALL NUMBER (OCLC); LOCAL CALL NUMBER (RLIN)
Classification number (OCLC) (R) ; Classification number, CALL (RLIN) (NR) 922.1
Local cutter number (OCLC) ; Book number/undivided call number, CALL (RLIN) د ب ا
100 1# - MAIN ENTRY--PERSONAL NAME
Personal name الدباغ، عبد الرحمن بن محمد بن علي،
Dates associated with a name 605-699 هجري
Relator term مؤلف.
245 10 - TITLE STATEMENT
Title معالم الإيمان في معرفة أهل القيروان /
Statement of responsibility, etc. أبو زيد عبد الرحمن الدباغ ؛ تحقيق محمد ماضور.
264 ## - PRODUCTION, PUBLICATION, DISTRIBUTION, MANUFACTURE, AND COPYRIGHT NOTICE
Place of production, publication, distribution, manufacture تونس ،
Name of producer, publisher, distributor, manufacturer المطبعة العربية التونسية:
Date of production, publication, distribution, manufacture, or copyright notice 1900.
300 ## - PHYSICAL DESCRIPTION
Extent مجلد،
Dimensions 30 سم
336 ## - CONTENT TYPE
Content type term نص
Content type code txt
Source rdacontent
Materials specified كتاب
337 ## - MEDIA TYPE
Media type term بدون وسيط
Media type code n
Source rdamedia
338 ## - CARRIER TYPE
Carrier type term مجلد
Carrier type code nc
Source rdacarrier
580 ## - LINKING ENTRY COMPLEXITY NOTE
Linking entry complexity note في : معالم الإيمان في معرفة أهل القيروان. -تونس : المكتبة العتيقة، [19--]. -مج. 3. -(من تراثنا الإسلامي ؛ 14)
650 #7 - SUBJECT ADDED ENTRY--TOPICAL TERM
Topical term or geographic name entry element المسلمون
Geographic subdivision تونس
-- القيروان
Form subdivision تراجم
Source of heading or term aucsh
700 1# - ADDED ENTRY--PERSONAL NAME
Personal name ماضور، محمد،
Dates associated with a name 1903-1980
Relator term محقق.
942 ## - ADDED ENTRY ELEMENTS (KOHA)
Source of classification or shelving scheme Dewey Decimal Classification
Koha item type Books
949 ## - LOCAL PROCESSING INFORMATION (OCLC)
a SA-JeALM
d 250901
u khaled123
n 1
Holdings
Withdrawn status Lost status Source of classification or shelving scheme Materials specified (bound volume or other part) Damaged status Not for loan Home library Current library Date acquired Total checkouts Full call number Barcode Date last seen Price effective from Koha item type
    Dewey Decimal Classification الجزء الأول     DR AbdElwahab Library DR AbdElwahab Library 09/01/2025   ن 922.1 د ب ا 000018315 09/01/2025 09/01/2025 كتاب نادر
    Dewey Decimal Classification الجزء الثاني     DR AbdElwahab Library DR AbdElwahab Library 09/01/2025   ن 922.1 د ب ا 000018316 09/01/2025 09/01/2025 كتاب نادر